[Event "BL 0607 SC Bann - SK König-Tegel"]
[Site "?"]
[Date "2006.12.09"]
[Round "5.7"]
[White "Pachow, Joerg"]
[Black "Nun, Jiri"]
[Result "1/2-1/2"]
[WhiteElo "2290"]
[BlackElo "2382"]
[PlyCount "60"]
[EventDate "2006.??.??"]

1. e4 c5 2. Nf3 Nc6 3. Nc3 e5 4. Bc4 d6 5. d3 Be7 6. Nd2 Bg5 7. Nf1 Bxc1 8.
Qxc1 Nf6 9. Ne3 a6 10. a4 O-O 11. O-O Nd4 12. Qd1 Rb8 13. Ncd5 b5 14. axb5 axb5
15. Nxf6+ Qxf6 16. Bd5 Ne6 17. g3 Nc7 18. Ra7 Qd8 19. Qh5 Be6 20. Rfa1 Bxd5 21.
Nxd5 Nxd5 22. exd5 g6 23. Qh3 Qf6 24. b3 b4 25. Kg2 h5 26. Qh4 Qxh4 27. gxh4
Rfd8 28. R1a6 Kg7 29. Kf3 Kf6 30. Rc6 g5 1/2-1/2

[Event "BL 0607 OSC Baden Baden - SC Kreuzberg"]
[Site "?"]
[Date "2006.12.09"]
[Round "5.1"]
[White "Sargissian, Gabriel"]
[Black "Bacrot, Etienne"]
[Result "0-1"]
[WhiteElo "2667"]
[BlackElo "2705"]
[PlyCount "128"]
[EventDate "2006.??.??"]

1. d4 d5 2. c4 c6 3. Nf3 Nf6 4. Nc3 a6 5. cxd5 cxd5 6. Bf4 Nc6 7. Rc1 Bf5 8.
Ne5 Rc8 9. f3 g6 10. g4 Be6 11. h4 h6 12. e3 Bg7 13. Bd3 Nd7 14. Nxc6 Rxc6 15.
Ne2 Qa5+ 16. Kf2 O-O 17. Rxc6 bxc6 18. a3 c5 19. b4 cxb4 20. axb4 Qxb4 21. Qc2
Qa3 22. Rb1 Nf6 23. Rb6 Qa1 24. Kg2 Rc8 25. Qd2 Qa4 26. Rxa6 Qd7 27. Qa5 Bxg4
28. fxg4 Qxg4+ 29. Ng3 Nh5 30. Qxd5 Qxf4 31. Nxh5 Qxe3 32. Rxg6 Qd2+ 33. Kh3
Qxd3+ 34. Rg3 Qf1+ 35. Qg2 Qf5+ 36. Rg4 Qxh5 37. Rxg7+ Kh8 38. Rg4 Qf5 39. Kh2
h5 40. Re4 Rg8 41. Qe2 Qg6 42. Qf3 Qg1+ 43. Kh3 Rg3+ 44. Qxg3 Qh1+ 45. Qh2 Qxe4
46. Qf2 Qg4+ 47. Kh2 Kg7 48. Qe1 Kf8 49. Qf2 f6 50. Kh1 Ke8 51. Kh2 Kd7 52. Kh1
Kd6 53. Kh2 Kd5 54. Qa2+ Kxd4 55. Qa7+ Kd3 56. Qa3+ Kd2 57. Qb2+ Ke1 58. Qc3+
Ke2 59. Qc2+ Kf3 60. Qc3+ Ke4 61. Qb4+ Kd5 62. Qxe7 Qxh4+ 63. Kg1 Qd4+ 64. Kf1
Qc4+ 0-1

[Event "BL 0607 OSC Baden Baden - SC Kreuzberg"]
[Site "?"]
[Date "2006.12.09"]
[Round "5.3"]
[White "Luther, Thomas"]
[Black "Nisipeanu, Liviu-Dieter"]
[Result "1/2-1/2"]
[WhiteElo "2594"]
[BlackElo "2690"]
[PlyCount "38"]
[EventDate "2006.??.??"]

1. e4 e5 2. Nf3 Nc6 3. Bb5 a6 4. Ba4 Nf6 5. O-O Be7 6. Re1 b5 7. Bb3 d6 8. c3
O-O 9. h3 Nd7 10. d4 Bf6 11. a4 Bb7 12. Na3 exd4 13. cxd4 Na5 14. axb5 axb5 15.
Nxb5 Nxb3 16. Rxa8 Qxa8 17. Qxb3 Bxe4 18. Nxc7 Qc6 19. Qc3 Bxf3 1/2-1/2

[Event "BL 0607 OSC Baden Baden - SC Kreuzberg"]
[Site "?"]
[Date "2006.12.09"]
[Round "5.4"]
[White "Vallejo Pons, Francisco"]
[Black "Kalinitschew, Sergey"]
[Result "1-0"]
[WhiteElo "2674"]
[BlackElo "2471"]
[PlyCount "65"]
[EventDate "2006.??.??"]

1. e4 e6 2. d4 d5 3. Nc3 Bb4 4. e5 c5 5. a3 Bxc3+ 6. bxc3 Ne7 7. Qg4 Qc7 8.
Qxg7 Rg8 9. Qxh7 cxd4 10. Ne2 dxc3 11. f4 Nbc6 12. Qd3 Bd7 13. Rb1 Rc8 14. Qxc3
Nf5 15. Rg1 Qd8 16. Qd3 Qh4+ 17. g3 Qxh2 18. Rxb7 Ncd4 19. Rg2 Nxc2+ 20. Qxc2
Qxg2 21. Rc7 Rxc7 22. Qxc7 Qe4 23. Qb8+ Ke7 24. Qxg8 Nd4 25. Qb8 Nc2+ 26. Kf2
d4 27. f5 Qxf5+ 28. Bf4 Qh5 29. Nxd4 Qh2+ 30. Bg2 Nxd4 31. Bg5+ f6 32. Bxf6+
Kf7 33. Qxa7 1-0

[Event "BL 0607 OSC Baden Baden - SC Kreuzberg"]
[Site "?"]
[Date "2006.12.09"]
[Round "5.5"]
[White "Volke, Karsten"]
[Black "Movsesian, Sergei"]
[Result "0-1"]
[WhiteElo "2478"]
[BlackElo "2637"]
[PlyCount "76"]
[EventDate "2006.??.??"]

1. d4 d5 2. c4 c6 3. Nc3 Nf6 4. Nf3 a6 5. c5 Nbd7 6. Bf4 Nh5 7. Bd2 Nhf6 8. Rc1
g6 9. h3 Qc7 10. g3 Bg7 11. Bg2 O-O 12. Bf4 Qd8 13. O-O Nh5 14. Bd2 f5 15. b4
e5 16. dxe5 Nxe5 17. Na4 Nc4 18. Bc3 Bxc3 19. Nxc3 f4 20. g4 Ng7 21. Qd3 Re8
22. Rce1 Ne6 23. Nb1 a5 24. a3 axb4 25. axb4 b6 26. Nbd2 Ba6 27. Ra1 bxc5 28.
bxc5 Nxc5 29. Qc3 Qd6 30. Nxc4 Bxc4 31. Rxa8 Rxa8 32. Rc1 Nd7 33. Nd2 Bb5 34.
Nb3 Ra3 35. Qb2 Ra4 36. Rd1 Rb4 37. Qc3 Ba4 38. Rb1 Qb8 0-1

[Event "BL 0607 OSC Baden Baden - SC Kreuzberg"]
[Site "?"]
[Date "2006.12.09"]
[Round "5.6"]
[White "Krasenkow, Michal"]
[Black "Loeffler, Stefan"]
[Result "1-0"]
[WhiteElo "2647"]
[BlackElo "2448"]
[PlyCount "87"]
[EventDate "2006.??.??"]

1. d4 d5 2. Nf3 c6 3. c4 Nf6 4. Nc3 dxc4 5. a4 Bf5 6. e3 Bd3 7. Bxd3 cxd3 8.
Qxd3 e6 9. e4 Nbd7 10. O-O Be7 11. a5 O-O 12. Bf4 Nc5 13. Qc2 Na6 14. Rfd1 Qc8
15. h3 Rd8 16. Rac1 h6 17. Ne5 c5 18. Na4 Nb4 19. Qe2 Nc6 20. Nxc5 Nxd4 21.
Rxd4 Rxd4 22. Nb3 Qd8 23. Nxd4 Qxd4 24. Rc7 Bd8 25. Rxf7 Qxe4 26. Qxe4 Nxe4 27.
Rxb7 Bxa5 28. Nc6 Bb6 29. Be5 Nf6 30. Bb8 Ne4 31. Bxa7 Bxf2+ 32. Bxf2 Ra1+ 33.
Kh2 Nxf2 34. b4 h5 35. Kg3 Ra2 36. Nd4 Ne4+ 37. Kh2 e5 38. Ne6 Ra6 39. Rxg7+
Kh8 40. Re7 Rb6 41. Nf4 h4 42. Rxe5 Ng3 43. b5 Rf6 44. Nh5 1-0

[Event "BL 0607 OSC Baden Baden - SC Kreuzberg"]
[Site "?"]
[Date "2006.12.09"]
[Round "5.8"]
[White "Doettling, Fabian"]
[Black "Richter, Michael"]
[Result "1-0"]
[WhiteElo "2542"]
[BlackElo "2396"]
[PlyCount "71"]
[EventDate "2006.??.??"]

1. d4 Nf6 2. Nf3 e6 3. c4 d5 4. g3 dxc4 5. Bg2 c6 6. Ne5 Bb4+ 7. Nc3 Nd5 8. Bd2
b5 9. O-O Bxc3 10. bxc3 Bb7 11. e4 Nf6 12. Rb1 Qc8 13. Bg5 Nbd7 14. Nxd7 Nxd7
15. Qg4 h5 16. Qe2 Qc7 17. a4 a6 18. Rfd1 Nb6 19. axb5 cxb5 20. d5 Na4 21. dxe6
fxe6 22. Rbc1 Nc5 23. Rc2 Nd3 24. Qe3 O-O 25. Bf1 Nc5 26. f3 Rf7 27. Rcd2 a5
28. Be2 a4 29. Bd8 Qc8 30. Ba5 Rxa5 31. Rd8+ Rf8 32. Qg5 a3 33. Qxh5 a2 34.
Rxc8 Na4 35. Rb8 a1=Q 36. Kf2 1-0

[Event "BL 0607 SC Remagen - TV Tegernsee"]
[Site "?"]
[Date "2006.12.09"]
[Round "5.1"]
[White "Khenkin, Igor"]
[Black "Ivanchuk, Vassily"]
[Result "0-1"]
[WhiteElo "2620"]
[BlackElo "2741"]
[PlyCount "86"]
[EventDate "2006.??.??"]

1. d4 Nf6 2. c4 e6 3. Nc3 Bb4 4. f3 c5 5. d5 Nh5 6. g3 d6 7. e4 exd5 8. cxd5 f5
9. exf5 O-O 10. Nge2 Bxf5 11. Bg2 c4 12. O-O Bd3 13. Bh3 Na6 14. Be6+ Kh8 15.
g4 Nf6 16. Nf4 Nc5 17. Nxd3 Nxd3 18. Ne2 Qa5 19. a3 b5 20. Kg2 Bc5 21. Nf4 Nxc1
22. Qxc1 Rae8 23. Re1 Bd4 24. g5 Qd8 25. Qd2 Be5 26. Nh3 Nh5 27. Re4 Nf4+ 28.
Nxf4 Qxg5+ 29. Kh1 Rxf4 30. Bd7 Ref8 31. Bxb5 Qh5 32. Rxf4 Rxf4 33. Rf1 g6 34.
Rf2 Qh4 35. Bd7 Rd4 36. Qe2 Rd1+ 37. Qxd1 Qxf2 38. f4 Bxf4 39. Qg1 Qf3+ 40. Qg2
Qd1+ 41. Qg1 Qxd5+ 42. Qg2 Qd1+ 43. Qg1 Qe2 0-1

[Event "BL 0607 SC Remagen - TV Tegernsee"]
[Site "?"]
[Date "2006.12.09"]
[Round "5.3"]
[White "Ribli, Zoltan"]
[Black "Fedorchuk, Sergey"]
[Result "1-0"]
[WhiteElo "2584"]
[BlackElo "2599"]
[PlyCount "63"]
[EventDate "2006.??.??"]

1. Nf3 Nf6 2. c4 e6 3. g3 a6 4. Bg2 b5 5. b3 Bb7 6. Nc3 bxc4 7. bxc4 c5 8. Rb1
Bc6 9. O-O Be7 10. Qc2 O-O 11. e4 Qc7 12. d4 cxd4 13. Nxd4 Rc8 14. Rd1 Bf8 15.
h3 Ra7 16. Nb3 d6 17. Be3 Rb7 18. Rbc1 Rb4 19. c5 dxc5 20. a3 Rb6 21. Nxc5 Be8
22. e5 Bxc5 23. Bxc5 Qxc5 24. exf6 gxf6 25. Qd2 Qe5 26. Ne4 Rxc1 27. Rxc1 Nd7
28. Rc8 Rb8 29. Qxd7 Rxc8 30. Qxc8 Kf8 31. Qd8 Qa1+ 32. Bf1 {ZU} 1-0

[Event "BL 0607 SC Remagen - TV Tegernsee"]
[Site "?"]
[Date "2006.12.09"]
[Round "5.5"]
[White "Boensch, Uwe"]
[Black "Degraeve, Jean-Marc"]
[Result "0-1"]
[WhiteElo "2524"]
[BlackElo "2551"]
[PlyCount "82"]
[EventDate "2006.??.??"]

1. d4 d6 2. Nf3 Nf6 3. c4 c5 4. Nc3 cxd4 5. Nxd4 Nc6 6. e4 g6 7. Be2 Nxd4 8.
Qxd4 Bg7 9. Bg5 O-O 10. Qd2 Qa5 11. Rc1 Be6 12. f3 Rfc8 13. b3 a6 14. Na4 Qxd2+
15. Kxd2 Nd7 16. Rc2 f6 17. Be3 f5 18. exf5 Bxf5 19. Bd3 b5 20. Nb6 Nxb6 21.
Bxb6 Bh6+ 22. Be3 Bxd3 23. Kxd3 bxc4+ 24. bxc4 Bxe3 25. Kxe3 Rab8 26. Kd3 Rb4
27. Re1 Kf7 28. Re4 Ra4 29. Kd2 d5 30. Rf4+ Kg7 31. Rd4 Rcxc4 32. Rdxc4 dxc4
33. Kc3 h5 34. h4 Kf6 35. Kb2 c3+ 36. Rxc3 Rxh4 37. Kb3 Rh2 38. Rc2 h4 39. a4
e6 40. Rc4 g5 41. Rg4 h3 0-1

[Event "BL 0607 SC Remagen - TV Tegernsee"]
[Site "?"]
[Date "2006.12.09"]
[Round "5.6"]
[White "Bindrich, Falko"]
[Black "Kindermann, Stefan"]
[Result "1/2-1/2"]
[WhiteElo "2482"]
[BlackElo "2532"]
[PlyCount "63"]
[EventDate "2006.??.??"]

1. e4 e6 2. d4 d5 3. Nc3 Bb4 4. e5 c5 5. a3 Bxc3+ 6. bxc3 Ne7 7. h4 Qc7 8. Nf3
b6 9. h5 h6 10. Bb5+ Bd7 11. Bd3 Ba4 12. O-O Nd7 13. Re1 c4 14. Be2 O-O-O 15.
Nh2 Rdf8 16. Bg4 Qc6 17. Bh3 Kb7 18. Bf4 g5 19. Bd2 Nf5 20. Rc1 Ng7 21. Bg4 f5
22. exf6 Nxf6 23. Bf3 Qd6 24. Ng4 Nxg4 25. Bxg4 Rf6 26. Qe2 Rhf8 27. Rf1 Be8
28. Ra1 Ba4 29. Rac1 Be8 30. Ra1 Ba4 31. Rac1 Be8 32. Ra1 1/2-1/2

[Event "BL 0607 SC Remagen - TV Tegernsee"]
[Site "?"]
[Date "2006.12.09"]
[Round "5.7"]
[White "Hertneck, Gerald"]
[Black "Boidman, Yuri"]
[Result "1-0"]
[WhiteElo "2520"]
[BlackElo "2438"]
[PlyCount "69"]
[EventDate "2006.??.??"]

1. d4 d5 2. c4 c6 3. Nf3 Nf6 4. Nc3 e6 5. Bg5 Nbd7 6. cxd5 exd5 7. e3 Bd6 8.
Bd3 Nf8 9. Qc2 Ng6 10. Nh4 O-O 11. h3 Re8 12. O-O-O b5 13. Kb1 a5 14. Ne2 Bd7
15. Rc1 a4 16. Bf5 a3 17. b3 Be7 18. Bxd7 Nxd7 19. Nxg6 Bxg5 20. Ne5 Nxe5 21.
dxe5 Rc8 22. Nd4 c5 23. Nxb5 Be7 24. Rhd1 c4 25. bxc4 Qb6 26. Rxd5 f6 27. Qb3
Rb8 28. f4 Bc5 29. e4 fxe5 30. fxe5 Rf8 31. Rcd1 Rf2 32. Qd3 Qa5 33. Ka1 Qb4
34. Qb3 Rxb5 35. cxb5 1-0

[Event "BL 0607 SC Remagen - TV Tegernsee"]
[Site "?"]
[Date "2006.12.09"]
[Round "5.8"]
[White "Schulz, Klaus-Juergen"]
[Black "Teske, Henrik"]
[Result "0-1"]
[WhiteElo "2393"]
[BlackElo "2514"]
[PlyCount "173"]
[EventDate "2006.??.??"]

1. e4 c5 2. c3 d5 3. exd5 Nf6 4. d4 Nxd5 5. Nf3 e6 6. Bd3 Nc6 7. O-O cxd4 8.
cxd4 Be7 9. Nc3 O-O 10. Re1 a6 11. a3 Nxc3 12. bxc3 b5 13. a4 b4 14. Be4 Bb7
15. cxb4 Ra7 16. d5 exd5 17. Bxd5 Bxb4 18. Be3 {(=)} Bxe1 19. Bxa7 Nxa7 20.
Bxb7 Bxf2+ 21. Kxf2 Qb6+ 22. Kf1 Qxb7 23. Rb1 Qe4 24. Rb6 Qc4+ 25. Qe2 Qxa4 26.
Rxa6 Qd7 27. Qd2 Qb7 28. Rd6 Nc6 29. Rd7 Qb1+ 30. Qd1 Qb8 31. Qd5 Nd8 32. Ng5
Ne6 33. Nf3 h6 34. Rb7 Qa8 35. Rd7 Qb8 36. Rb7 Qc8 37. Rd7 Nf4 38. Qd2 Qc4+ 39.
Kf2 Ne6 40. Qd3 Qg4 41. h3 Qa4 42. Qd1 Qc6 43. Qd6 Qb5 44. Kg1 Ra8 45. Qd2 Qb1+
46. Qd1 Qb6+ 47. Kh2 Ra2 48. Rd2 Qb8+ 49. Kh1 Ra6 50. Qc2 Rb6 51. Qd3 Qf4 52.
Ra2 Rb8 53. Ra1 Qg3 54. Qe4 Nf4 55. Nd4 Nd3 56. Kg1 Nf2 57. Qf5 Qc3 58. Ra4
Qe1+ 59. Kh2 Re8 60. Nc2 Qe5+ 61. Qxe5 Rxe5 62. Kg3 Nd3 63. Nd4 Kh7 64. Nf3 Re7
65. Rd4 Nc5 66. Rd8 g6 67. Rc8 Ne4+ 68. Kh2 Kg7 69. Rc2 Rd7 70. Re2 f5 71. Ra2
Rd6 72. Rc2 Kf6 73. Ra2 g5 74. g3 h5 75. Kg2 g4 76. hxg4 hxg4 77. Nh2 Rd3 78.
Nf1 Rc3 79. Ra6+ Kg5 80. Ra2 Nf6 81. Rb2 Nd5 82. Ra2 Kf6 83. Re2 f4 84. Rd2 f3+
85. Kf2 Ke5 86. Nh2 Nf6 87. Ra2 0-1

[Event "BL 0607 SG Köln Porz - SC Eppingen"]
[Site "?"]
[Date "2006.12.09"]
[Round "5.2"]
[White "Lutz, Christopher"]
[Black "Balogh, Csaba"]
[Result "1-0"]
[WhiteElo "2580"]
[BlackElo "2616"]
[PlyCount "81"]
[EventDate "2006.??.??"]

1. e4 c5 2. Nf3 d6 3. d4 cxd4 4. Nxd4 Nf6 5. Nc3 Nc6 6. Bg5 Bd7 7. Be2 Qa5 8.
Bxf6 gxf6 9. O-O Nxd4 10. Qxd4 Rc8 11. a4 Qc5 12. Qd1 a6 13. Ra3 Rg8 14. Kh1
Bc6 15. f4 f5 16. Bf3 Bg7 17. exf5 Qxf5 18. Rb3 Kf8 19. Nd5 Bh8 20. Ne3 Qc5 21.
Bxc6 Qxc6 22. Qd3 Qxa4 23. Rxb7 Qc6 24. Rb4 Rg6 25. c3 a5 26. Rc4 Qa8 27. Rxc8+
Qxc8 28. Qd5 Re6 29. Nc4 Re2 30. h3 Qe6 31. Qa8+ Kg7 32. b3 a4 33. f5 Qf6 34.
bxa4 Kh6 35. Qf3 Ra2 36. Ne3 Qg5 37. Ng4+ Kg7 38. f6+ exf6 39. Nxf6 Qg6 40.
Ne8+ Kf8 41. Nxd6 1-0

[Event "BL 0607 SG Köln Porz - SC Eppingen"]
[Site "?"]
[Date "2006.12.09"]
[Round "5.3"]
[White "Postny, Evgeny"]
[Black "Van Wely, Loek"]
[Result "1/2-1/2"]
[WhiteElo "2609"]
[BlackElo "2676"]
[PlyCount "54"]
[EventDate "2006.??.??"]

1. d4 d5 2. c4 c6 3. Nc3 Nf6 4. e3 a6 5. Qc2 b5 6. b3 Bg4 7. Nge2 Nbd7 8. Ng3
dxc4 9. bxc4 e5 10. Bd3 Be7 11. O-O O-O 12. h3 Be6 13. d5 cxd5 14. cxd5 Nxd5
15. Bxh7+ Kh8 16. Nxd5 Bxd5 17. Rd1 Nf6 18. Bf5 Qb8 19. Bb2 Rd8 20. Qe2 Kg8 21.
Bc2 Qc7 22. Rac1 Bc4 23. Qf3 Rxd1+ 24. Bxd1 Rd8 25. Nf5 e4 26. Nxe7+ Qxe7 27.
Bxf6 Qxf6 1/2-1/2

[Event "BL 0607 SG Köln Porz - SC Eppingen"]
[Site "?"]
[Date "2006.12.09"]
[Round "5.4"]
[White "Timman, Jan H"]
[Black "Braun, Arik"]
[Result "1-0"]
[WhiteElo "2565"]
[BlackElo "2525"]
[PlyCount "69"]
[EventDate "2006.??.??"]

1. e4 c6 2. d4 d5 3. Nd2 dxe4 4. Nxe4 Bf5 5. Nc5 Qc8 6. Bd3 Bxd3 7. Nxd3 Nf6 8.
Nf3 e6 9. Qe2 Nbd7 10. Bg5 Be7 11. O-O-O O-O 12. Nfe5 a5 13. h4 a4 14. Rh3 Qc7
15. Rg3 Kh8 16. h5 h6 17. Bf4 Qa5 18. Nxd7 Nxd7 19. Ne5 Nf6 20. Kb1 a3 21. b3
Rad8 22. Rgd3 Nd5 23. Bd2 Bb4 24. c4 Nc3+ 25. Bxc3 Bxc3 26. c5 Rd5 27. Qg4 Bxd4
28. Nc4 Qxc5 29. Rxd4 Rfd8 30. Rxd5 Rxd5 31. Ne3 Rxh5 32. Qc4 g6 33. g4 Re5 34.
Qf4 Kg7 35. Rd7 1-0

[Event "BL 0607 SG Köln Porz - SC Eppingen"]
[Site "?"]
[Date "2006.12.09"]
[Round "5.5"]
[White "Meier, Georg"]
[Black "Graf, Alexander"]
[Result "1/2-1/2"]
[WhiteElo "2484"]
[BlackElo "2601"]
[PlyCount "33"]
[EventDate "2006.??.??"]

1. e4 e6 2. d4 d5 3. Nd2 c5 4. exd5 Qxd5 5. Ngf3 cxd4 6. Bc4 Qd6 7. O-O Nf6 8.
Nb3 Nc6 9. Nbxd4 Nxd4 10. Nxd4 Bd7 11. c3 Qc5 12. Qe2 Rc8 13. Bd3 Be7 14. Nf3
O-O 15. Ne5 Rfd8 16. Nxd7 Rxd7 17. Be3 1/2-1/2

[Event "BL 0607 SG Köln Porz - SC Eppingen"]
[Site "?"]
[Date "2006.12.09"]
[Round "5.6"]
[White "Sakaev, Konstantin"]
[Black "Medvegy, Zoltan"]
[Result "1/2-1/2"]
[WhiteElo "2641"]
[BlackElo "2518"]
[PlyCount "68"]
[EventDate "2006.??.??"]

1. d4 Nf6 2. c4 e6 3. Nf3 b6 4. g3 Bb7 5. Bg2 Be7 6. O-O O-O 7. Nc3 Ne4 8. Bd2
f5 9. Qc2 Bf6 10. Rfd1 Nxc3 11. Bxc3 Be4 12. Qd2 d6 13. Ne1 Qe8 14. f3 Bb7 15.
Nd3 Nd7 16. Nf2 Rd8 17. b4 Ba6 18. b5 Bb7 19. Qc2 e5 20. Bh3 exd4 21. Bxd4 g6
22. Bxf6 Nxf6 23. Rd4 Qe3 24. Qd2 Rde8 25. Bf1 Nd7 26. Qxe3 Rxe3 27. Nd3 Rfe8
28. Kf2 a6 29. a4 a5 30. Rd1 Kg7 31. Rd2 R3e7 32. h4 Nf6 33. Rc2 Re3 34. Bh3
Nd7 1/2-1/2

[Event "BL 0607 SG Köln Porz - SC Eppingen"]
[Site "?"]
[Date "2006.12.09"]
[Round "5.8"]
[White "Van den Doel, Erik"]
[Black "Vogt, Lothar"]
[Result "1-0"]
[WhiteElo "2578"]
[BlackElo "2479"]
[PlyCount "71"]
[EventDate "2006.??.??"]

1. e4 c5 2. Nf3 e6 3. d4 cxd4 4. Nxd4 Nf6 5. Nc3 d6 6. Be3 Nc6 7. Qd2 Be7 8. f3
O-O 9. O-O-O a6 10. g4 Nxd4 11. Qxd4 b5 12. g5 Nd7 13. h4 Bb7 14. h5 Bxg5 15.
h6 e5 16. Bxg5 Qxg5+ 17. Qd2 Qxd2+ 18. Rxd2 b4 19. Nd1 g6 20. Rxd6 Rfd8 21. Ne3
Nc5 22. Rb6 a5 23. Ng4 Bc8 24. Nxe5 Be6 25. Nc6 Rd7 26. b3 Rc7 27. Nd4 a4 28.
Rxb4 axb3 29. axb3 Ra1+ 30. Kd2 Kf8 31. Bg2 Ra2 32. Rc1 Ke7 33. f4 f5 34. exf5
Bxf5 35. Re1+ Kf7 36. Bd5+ 1-0

[Event "BL 0607 Solinger SG - SF Katernberg"]
[Site "?"]
[Date "2006.12.09"]
[Round "5.1"]
[White "Volokitin, Andrei"]
[Black "Jussupow, Artur"]
[Result "1-0"]
[WhiteElo "2645"]
[BlackElo "2600"]
[PlyCount "95"]
[EventDate "2006.??.??"]

1. e4 e6 2. d4 d5 3. Nc3 Bb4 4. e5 Ne7 5. a3 Bxc3+ 6. bxc3 c5 7. Qg4 O-O 8. Bd3
Nbc6 9. Qh5 Ng6 10. Nf3 Qc7 11. Be3 Nce7 12. h4 Bd7 13. Qg4 f5 14. Qh3 cxd4 15.
cxd4 Bb5 16. Bxb5 Qa5+ 17. Bd2 Qxb5 18. h5 Nh8 19. h6 g6 20. Bb4 Rfe8 21. Qh4
Qd7 22. Qf6 Nc6 23. Ng5 Nxb4 24. axb4 Re7 25. Nh3 Rf7 26. Qg5 b6 27. O-O Rff8
28. Nf4 Nf7 29. Qf6 Nd8 30. Qh4 Rc8 31. Qg3 Kh8 32. b5 Nf7 33. Ra6 Nxh6 34.
Rfa1 Rc7 35. Qh4 Kg7 36. c4 Ng8 37. c5 Rb8 38. c6 Qe7 39. Qxe7+ Rxe7 40. Rxa7
Kf7 41. Rxe7+ Nxe7 42. Ra7 Rc8 43. g3 Rg8 44. Kg2 h6 45. Rb7 g5 46. Nh5 Ra8 47.
Nf6 Ra4 48. Ng8 1-0

[Event "BL 0607 Solinger SG - SF Katernberg"]
[Site "?"]
[Date "2006.12.09"]
[Round "5.4"]
[White "Naumann, Alexander"]
[Black "Chuchelov, Vladimir"]
[Result "1-0"]
[WhiteElo "2542"]
[BlackElo "2539"]
[PlyCount "99"]
[EventDate "2006.??.??"]

1. d4 Nf6 2. c4 e6 3. g3 Bb4+ 4. Bd2 Be7 5. Bg2 d5 6. Nf3 O-O 7. O-O c6 8. Bf4
b6 9. Nc3 Bb7 10. Ne5 Nfd7 11. Nxd7 Nxd7 12. Qb3 Nf6 13. Rfd1 Ba6 14. Qa4 Bxc4
15. b3 b5 16. Qa6 Bb4 17. bxc4 Bxc3 18. Rac1 b4 19. c5 Qc8 20. Qxc8 Rfxc8 21.
h3 a5 22. a4 Nd7 23. Bd6 f5 24. f4 Kf7 25. e3 Rg8 26. Kf2 g5 27. fxg5 Rxg5 28.
Rd3 e5 29. h4 Rgg8 30. Bh3 Ke6 31. Rf1 Rg7 32. Ke2 Rf7 33. g4 Rg8 34. gxf5+ Kf6
35. e4 Bxd4 36. exd5 cxd5 37. c6 Nb6 38. c7 Nc4 39. Rxd4 exd4 40. Bf4 d3+ 41.
Kxd3 Rff8 42. Kd4 Re8 43. Bg5+ Kf7 44. Bg2 Ne3 45. c8=Q Rxc8 46. Kxe3 Rge8+ 47.
Kd4 Rc4+ 48. Kxd5 Rc2 49. Bf3 Rec8 50. Kd6 1-0

[Event "BL 0607 Solinger SG - SF Katernberg"]
[Site "?"]
[Date "2006.12.09"]
[Round "5.5"]
[White "Glek, Igor V"]
[Black "Werle, Jan"]
[Result "1/2-1/2"]
[WhiteElo "2538"]
[BlackElo "2551"]
[PlyCount "97"]
[EventDate "2006.??.??"]

1. e4 c5 2. Nc3 Nc6 3. f4 e6 4. Nf3 Nf6 5. Bb5 Nd4 6. e5 Nxb5 7. Nxb5 Nd5 8. c4
Nb4 9. d4 cxd4 10. O-O a6 11. Nbxd4 d5 12. a3 Nc6 13. cxd5 Qxd5 14. Nxc6 Qxc6
15. Be3 Bd7 16. Qd2 Qe4 17. Rad1 Bc6 18. f5 Be7 19. Ng5 Bxg5 20. Bxg5 O-O 21.
Be7 Rfe8 22. Bd6 Ba4 23. Rc1 Rac8 24. fxe6 fxe6 25. Rf4 Rxc1+ 26. Qxc1 Qc6 27.
Qxc6 Bxc6 28. Kf2 Bd5 29. g3 Rc8 30. Ke3 h6 31. Rf2 Kh7 32. Rf1 Rc2 33. Rf2 Rc1
34. Kd2 Rb1 35. Kc2 Be4+ 36. Kc3 Kg6 37. Kd4 Bd5 38. Kc5 Rc1+ 39. Kb6 Rc6+ 40.
Ka7 a5 41. b4 axb4 42. axb4 b5 43. Bc5 Rc8 44. Ka6 Bc4 45. Kb7 Rd8 46. Bd6 Rd7+
47. Kb6 Rf7 48. Rxf7 Kxf7 49. Kc5 1/2-1/2

[Event "BL 0607 Solinger SG - SF Katernberg"]
[Site "?"]
[Date "2006.12.09"]
[Round "5.7"]
[White "Souleidis, Georgios"]
[Black "Smeets, Jan"]
[Result "1/2-1/2"]
[WhiteElo "2407"]
[BlackElo "2525"]
[PlyCount "130"]
[EventDate "2006.??.??"]

1. e4 c5 2. Nf3 e6 3. d4 cxd4 4. Nxd4 a6 5. Bd3 Bc5 6. Nb3 Ba7 7. Qg4 Nf6 8.
Qg3 d6 9. Nc3 b5 10. a3 Nc6 11. Bg5 h6 12. Bd2 Ne5 13. f4 Nxd3+ 14. cxd3 O-O
15. Ne2 e5 16. f5 Kh8 17. Ba5 Qd7 18. Rc1 b4 19. Bxb4 Re8 20. Qf3 d5 21. Nc5
Bxc5 22. Bxc5 dxe4 23. dxe4 Bb7 24. Nc3 Qc6 25. b4 Nxe4 26. Qxe4 Qxe4+ 27. Nxe4
Bxe4 28. O-O Rad8 29. Rce1 Bd3 30. Rf2 f6 31. g4 Bb5 32. Ra2 Ba4 33. Kf2 h5 34.
h3 Kh7 35. Ree2 hxg4 36. hxg4 Bd1 37. Re4 Rd3 38. Be3 Bb3 39. Rd2 Rxd2+ 40.
Bxd2 Rd8 41. Ke1 Kg8 42. Re3 Ba4 43. Rc3 Rd4 44. Rc8+ Kf7 45. Rc7+ Kf8 46. g5
Rd7 47. Rc8+ Ke7 48. Be3 Kd6 49. gxf6 gxf6 50. Rf8 Kd5 51. Rxf6 Ke4 52. Bd2 Bb5
53. a4 Bd3 54. Kf2 Bc4 55. Be3 Rd1 56. Bc5 Rf1+ 57. Kg3 Rxf5 58. Rd6 Rf3+ 59.
Kg2 Ra3 60. a5 Ra2+ 61. Kg3 Bf1 62. Rf6 Rg2+ 63. Kh4 Bb5 64. Rf2 Rxf2 65. Bxf2
Kf3 1/2-1/2

[Event "BL 0607 Solinger SG - SF Katernberg"]
[Site "?"]
[Date "2006.12.09"]
[Round "5.8"]
[White "Ernst, Sipke"]
[Black "Thesing, Matthias"]
[Result "1-0"]
[WhiteElo "2512"]
[BlackElo "2410"]
[PlyCount "167"]
[EventDate "2006.??.??"]

1. Nf3 d5 2. c4 e6 3. g3 dxc4 4. Na3 Bxa3 5. Qa4+ b5 6. Qxa3 Bb7 7. Bg2 Nf6 8.
b3 cxb3 9. Qxb3 a6 10. a4 Nbd7 11. O-O O-O 12. axb5 axb5 13. Bb2 Rb8 14. d4 b4
15. Rfc1 Bd5 16. Qc2 Ra8 17. Nd2 Rxa1 18. Rxa1 Bxg2 19. Kxg2 Nb6 20. Ra5 Qd7
21. e4 Ra8 22. Rxa8+ Nxa8 23. Qc5 h6 24. Qxb4 Qc6 25. Qc3 Qxc3 26. Bxc3 Nb6 27.
Ba5 Kf8 28. Kf3 Ke8 29. h3 Kd7 30. Ke3 Kc6 31. Bb4 Nfd7 32. g4 Kb5 33. Be7 g6
34. h4 Nc8 35. Bd8 c5 36. dxc5 Kxc5 37. f4 Nd6 38. Be7 Kc6 39. Nf3 Nc8 40. Bd8
Nd6 41. h5 gxh5 42. gxh5 Ne8 43. Nd4+ Kb7 44. Ne2 Kc8 45. Be7 Nef6 46. Ng3 Ng8
47. Bb4 Kd8 48. Kd4 Ke8 49. f5 exf5 50. Nxf5 Ndf6 51. Ng7+ Kd7 52. Ke5 Ne8 53.
Nf5 Nc7 54. Ne3 Ne6 55. Nf1 Ng7 56. Ng3 Ne6 57. Bc3 Ng7 58. Kf4 Ne6+ 59. Kg4
Nc5 60. Kf5 Ne6 61. Bd2 Ng7+ 62. Kg4 Ke6 63. Bc3 Nf6+ 64. Kh4 Ngxh5 65. Nxh5
Nxe4 66. Bg7 Nd6 67. Kg4 f5+ 68. Kf4 Kf7 69. Be5 Ke6 70. Ng3 Nf7 71. Bg7 Ng5
72. Bxh6 Nh3+ 73. Kf3 f4 74. Ne2 Kf5 75. Nd4+ Kg6 76. Bf8 Kf7 77. Bb4 Ng5+ 78.
Kg4 Ne6 79. Nc6 Ke8 80. Kf5 f3 81. Be1 Nc5 82. Ne5 Ke7 83. Bb4 Kd6 84. Nd3 1-0

[Event "BL 0607 SV Wattenscheid - SV Mülheim No"]
[Site "?"]
[Date "2006.12.09"]
[Round "5.1"]
[White "Tregubov, Pavel V"]
[Black "Macieja, Bartlomiej"]
[Result "1-0"]
[WhiteElo "2596"]
[BlackElo "2622"]
[PlyCount "80"]
[EventDate "2006.??.??"]

1. d4 Nf6 2. c4 g6 3. Nc3 d5 4. Nf3 Bg7 5. e3 O-O 6. cxd5 Nxd5 7. Bc4 Nb6 8.
Bb3 c5 9. O-O cxd4 10. exd4 Nc6 11. d5 Na5 12. Re1 Re8 13. Ne5 Nd7 14. Nxf7
Kxf7 15. d6+ Nxb3 16. dxe7 Rxe7 17. Qd5+ Kf8 18. Bg5 Bf6 19. Bxf6 Rxe1+ 20.
Rxe1 Qxf6 21. axb3 Kg7 22. Ne4 Qe5 23. Qd2 Nf6 24. Nd6 Qd5 25. Re7+ Kf8 26.
Re8+ Kg7 27. Qxd5 Nxd5 28. Rxc8 Rxc8 29. Nxc8 a5 30. Nd6 b6 31. Nc4 Kf6 32. Kf1
Ke6 33. Ke2 Kd7 34. Kf3 Kc6 35. Ke4 Nf6+ 36. Kd4 Kb5 37. f4 Kb4 38. Nxb6 Kxb3
39. h3 Nh5 40. Ke5 Ng3 1-0

[Event "BL 0607 SV Wattenscheid - SV Mülheim No"]
[Site "?"]
[Date "2006.12.09"]
[Round "5.2"]
[White "Rustemov, Alexander"]
[Black "Landa, Konstantin"]
[Result "1/2-1/2"]
[WhiteElo "2552"]
[BlackElo "2570"]
[PlyCount "107"]
[EventDate "2006.??.??"]

1. d4 Nf6 2. c4 e6 3. g3 d5 4. Bg2 dxc4 5. Qa4+ Nbd7 6. Qxc4 a6 7. Qc2 c5 8.
Nf3 b6 9. Ne5 Nd5 10. Nc3 Bb7 11. Nxd5 Bxd5 12. Bxd5 exd5 13. Nxd7 Qxd7 14.
dxc5 Bxc5 15. O-O O-O 16. Qd3 Rfe8 17. Bd2 Qg4 18. e3 h5 19. Kg2 Rad8 20. Rae1
h4 21. f3 Qc4 22. Qxc4 dxc4 23. Re2 hxg3 24. hxg3 Rd3 25. Bc1 b5 26. g4 f6 27.
e4 Bd4 28. f4 Kf7 29. Rf3 Rd1 30. Rf1 Rd3 31. Rf3 Rd1 32. Rf1 Rxf1 33. Kxf1 Rh8
34. Kg2 Rh4 35. Kg3 Rh1 36. Be3 Bxe3 37. Rxe3 Rg1+ 38. Kf3 Rf1+ 39. Kg3 Rg1+
40. Kf3 Rf1+ 41. Kg3 Ra1 42. Ra3 b4 43. Ra4 a5 44. Kf3 Rb1 45. Rxa5 Rxb2 46.
Rc5 c3 47. a3 bxa3 48. Rxc3 a2 49. Rc7+ Ke6 50. Ra7 Kd6 51. Ra5 Rb3+ 52. Kf2
Rb2+ 53. Ke3 Rb3+ 54. Kf2 1/2-1/2